000 00336 a2200157 4500
001 154784
040 _cEscola São Tomás de Aquino
100 _aCARDOSO, Oldimar
240 1 0 _aTudo é história
_lpor
245 1 0 _aTudo é história
300 _a304
362 0 _a2006
440 1 _aÁtica
697 _aHISTÓRIA
942 _cBK
999 _c154784
_d154784